000 00794nam a22002415i 4500
001 12305
003 ES-MaACL
005 20250701212923.0
008 950307s1994 sp ||||0| spa
020 _a84-7923-031-2
080 _a1 Unamuno, Miguel de
100 1 _aPadilla Novoa, Manuel
_988193
245 1 0 _aMiguel de Unamuno (1864-1936) /
_cManuel Padilla Novoa.
250 _a1ª ed.
260 _aMadrid :
_bEdiciones del Orto,
_c1994.
300 _a93 p ;
_c17 cm.
490 1 _aBiblioteca filosófica
504 _aBibliografía: p. [91]-93.
600 1 4 _aUnamuno, Miguel de,
_d1864-1936-
_xCrítica e interpretación
_9111984
830 1 0 _aBiblioteca filosófica
_9179275
852 _aES-MaACL
_jL-19554
_z- Dedicatoria autógrafa del autor
999 _c12305
_d12305